Statistics for Numbers in German

Click here to take the quiz!

General Stats

  • This quiz has been taken 74 times
  • The average score is 32 of 44

Answer Stats

#Deutsch% Correct
5fünf
98%
2zwei
98%
3drei
95%
4vier
95%
8acht
93%
1eins
93%
9neun
93%
7sieben
89%
11elf
86%
6sechs
86%
10zehn
86%
12zwölf
84%
13dreizehn
82%
15fünfzehn
82%
14vierzehn
82%
16sechzehn
80%
20zwanzig
80%
18achtzehn
77%
80achtzig
77%
100hundert
77%
90neunzig
77%
50fünfzig
75%
19neunzehn
75%
0null
75%
60sechzig
75%
17siebzehn
75%
40vierzig
75%
70siebzig
73%
200zweihundert
73%
30dreißig
61%
1,000tausend
59%
1,000,000Million
57%
2,000zweitausend
57%
fifthfünfte
55%
100,000hunderttausend
55%
fourthvierte
55%
secondzweite
55%
firsterste
52%
eighthachte
50%
thirddritte
50%
ninthneunte
50%
sixthsechste
50%
tenthzehnte
50%
seventhsiebte
48%

Score Distribution

Percentile by Number Answered

Percent of People with Each Score

Your Score History

You have not taken this quiz